[Event "Collado Villalba op-B 34th"]
[Site "Collado Villalba"]
[Date "2017.08.25"]
[Round "4"]
[White "Barranco Martinez, Gabriel"]
[Black "Camarero Izquierdo, Juan Carlos"]
[Result "0-1"]
[WhiteElo "1615"]
[BlackElo "1844"]
[PlyCount "106"]
[EventDate "2017.08.22"]
[EventType "swiss"]
[EventRounds "9"]
[EventCountry "ESP"]
[SourceTitle "CBM 180 Extra"]
[Source "ChessBase"]
[SourceDate "2017.10.06"]
[SourceVersion "1"]
[SourceVersionDate "2017.10.06"]
[SourceQuality "1"]

1. e4 c5 2. Nf3 d6 3. d4 cxd4 4. Nxd4 Nf6 5. Nc3 a6 6. Bd3 e6 7. Bg5 Be7 8. 0-0 0-0 9. Re1 Nbd7 10. Nf3 b5 11. a4 b4 12. Ne2 Bb7 13. Ng3 h6 14. Be3 Ng4 15. Qd2 Nxe3 16. Rxe3 a5 17. c3 Nc5 18. Qc2 b3 19. Qe2 Bc6 20. Bb5 Bxb5 21. Qxb5 Rb8 22. Qe2 Qd7 23. Qc4 Rfc8 24. e5 d5 25. Qg4 Kh8 26. Nh5 Rg8 27. Qf4 Bd8 28. Nf6 Bxf6 29. exf6 g5 30. Qd4 Rbc8 31. Ne5 Qc7 32. Rh3 Kh7 33. Re1 Rcf8 34. Ree3 Rg6 35. Nxg6 Kxg6 36. Qg4 Ne4 37. Rxe4 dxe4 38. Qxe4+ Kxf6 39. Rxh6+ Ke7 40. Qe3 Qf4 41. Qxf4 gxf4 42. g3 Rd8 43. Rh5 f3 44. h4 Rd1+ 45. Kh2 Rf1 46. Rxa5 Rxf2+ 47. Kg1 Rxb2 48. Rb5 Kd6 49. h5 Rg2+ 50. Kf1 b2 51. h6 Rh2 52. h7 Rxh7 53. Kf2 Rh1 0-1

[Event "Collado Villalba 64 op 5th"]
[Site "Collado Villalba"]
[Date "2017.07.30"]
[Round "8"]
[White "Olmedo Alvarez, Jesus"]
[Black "Barranco Martinez, Gabriel"]
[Result "0-1"]
[WhiteElo "1366"]
[BlackElo "1640"]
[PlyCount "34"]
[EventDate "2017.07.23"]
[EventType "swiss"]
[EventRounds "9"]
[EventCountry "ESP"]
[SourceTitle "CBM 179 Extra"]
[Source "ChessBase"]
[SourceDate "2017.08.23"]
[SourceVersion "1"]
[SourceVersionDate "2017.08.23"]
[SourceQuality "1"]

1. e4 c6 2. Nf3 d5 3. exd5 cxd5 4. d4 Nf6 5. Bd3 Bg4 6. Bf4 Qb6 7. b3 Nc6 8. h3 Bh5 9. g4 Bg6 10. Nc3 Bxd3 11. Qxd3 Rc8 12. g5 Nb4 13. Qd2 Ne4 14. Nxd5 Nxd2 15. Nxb4 Nxf3+ 16. Kf1 Qxb4 17. c4 Nxd4 0-1

[Event "Madrid San Viator op 25th"]
[Site "Madrid"]
[Date "2015.11.08"]
[Round "7"]
[White "Barranco Martinez, Gabriel"]
[Black "Quijano Cabrera, Adelardo"]
[Result "1/2-1/2"]
[WhiteElo "1752"]
[BlackElo "1651"]
[PlyCount "90"]
[EventDate "2015.10.04"]
[EventType "swiss"]
[EventRounds "9"]
[EventCountry "ESP"]
[SourceTitle "CBM 169 Extra"]
[Source "ChessBase"]
[SourceDate "2015.12.18"]
[SourceVersion "1"]
[SourceVersionDate "2015.12.18"]
[SourceQuality "1"]

1. d4 Nf6 2. Nf3 g6 3. Bg5 Bg7 4. e3 0-0 5. Nbd2 c5 6. Bxf6 Bxf6 7. Ne4 Qa5+ 8. c3 cxd4 9. Nxf6+ exf6 10. Qxd4 Kg7 11. b4 Qa3 12. Bc4 Nc6 13. Qd2 a5 14. b5 Ne5 15. Nxe5 fxe5 16. 0-0 Qc5 17. Qd3 d6 18. Rad1 Bf5 19. e4 Bg4 20. Rc1 Rac8 21. Bd5 Rc7 22. h3 Be6 23. Rfd1 Bxd5 24. Qxd5 Qxd5 25. Rxd5 Rc5 26. Rxc5 dxc5 27. Rd1 Re8 28. b6 Re6 29. Rd5 Kf6 30. Rxc5 Rxb6 31. Rxa5 Rb1+ 32. Kh2 Rc1 33. Ra3 Rc2 34. Kg3 g5 35. Rb3 Rxa2 36. Rxb7 Rc2 37. Rb6+ Kg7 38. Rc6 h5 39. c4 Rc3+ 40. f3 Rc2 41. h4 gxh4+ 42. Kxh4 Rxg2 43. Kxh5 Rg3 44. Rc5 Rxf3 45. Rxe5 Kf6 1/2-1/2

[Event "Madrid San Viator op 25th"]
[Site "Madrid"]
[Date "2015.11.01"]
[Round "6"]
[White "Lopez Benitez, David"]
[Black "Barranco Martinez, Gabriel"]
[Result "1/2-1/2"]
[WhiteElo "1731"]
[BlackElo "1752"]
[PlyCount "72"]
[EventDate "2015.10.04"]
[EventType "swiss"]
[EventRounds "9"]
[EventCountry "ESP"]
[SourceTitle "CBM 169 Extra"]
[Source "ChessBase"]
[SourceDate "2015.12.18"]
[SourceVersion "1"]
[SourceVersionDate "2015.12.18"]
[SourceQuality "1"]

1. Nf3 d5 2. g3 Nc6 3. Bg2 e5 4. d3 Bg4 5. 0-0 Nf6 6. c4 h6 7. cxd5 Nxd5 8. Qa4 Bd7 9. a3 Bd6 10. Nbd2 0-0 11. Ne4 Nd4 12. Qd1 Be6 13. Bd2 Qd7 14. Rc1 c6 15. Nxd6 Qxd6 16. Nxd4 exd4 17. Qa4 Qe5 18. Rfe1 Nb6 19. Qb4 Bd5 20. Bf4 Qf6 21. Bc7 Bxg2 22. Bxb6 axb6 23. Kxg2 c5 24. Qc4 Qc6+ 25. Kg1 Rfe8 26. Qc2 Re5 27. Qd2 Rae8 28. e3 dxe3 29. Rxe3 Rxe3 30. fxe3 Qf3 31. Re1 Re6 32. Re2 h5 33. e4 Qf6 34. Qf4 Qd4+ 35. Qe3 Qe5 36. Qf4 Qd4+ 1/2-1/2

[Event "Madrid San Viator op 25th"]
[Site "Madrid"]
[Date "2015.10.18"]
[Round "4"]
[White "Garcia Galeote, Lorenzo"]
[Black "Barranco Martinez, Gabriel"]
[Result "1-0"]
[WhiteElo "1906"]
[BlackElo "1752"]
[PlyCount "73"]
[EventDate "2015.10.04"]
[EventType "swiss"]
[EventRounds "9"]
[EventCountry "ESP"]
[SourceTitle "CBM 169 Extra"]
[Source "ChessBase"]
[SourceDate "2015.12.18"]
[SourceVersion "1"]
[SourceVersionDate "2015.12.18"]
[SourceQuality "1"]

1. d4 Nf6 2. c4 g6 3. Nc3 Bg7 4. e4 d6 5. Nge2 0-0 6. Ng3 c6 7. Be2 Nbd7 8. 0-0 e5 9. d5 cxd5 10. cxd5 Nb6 11. a4 a5 12. Be3 Nfd7 13. Qc2 Qc7 14. Rfc1 Nf6 15. Qb3 Nbd7 16. Nb5 Qd8 17. Nxd6 Qe7 18. Nxc8 Rfxc8 19. Rxc8+ Rxc8 20. Qxb7 Rb8 21. Qa7 Qb4 22. Bb5 Qxb2 23. Rf1 Bf8 24. Qxa5 Rc8 25. Bxd7 Nxd7 26. Qb5 Qxb5 27. axb5 Bc5 28. Rc1 Rc7 29. Nf1 Kf8 30. Nd2 Ke7 31. Nb3 Kd6 32. Nxc5 Nf6 33. f3 Nh5 34. b6 Rc8 35. Nb7+ Kd7 36. Rxc8 Kxc8 37. Nd6+ 1-0

[Event "Madrid San Viator op 25th"]
[Site "Madrid"]
[Date "2015.10.04"]
[Round "1"]
[White "Barranco Martinez, Gabriel"]
[Black "Lozano Osorio, Isaac"]
[Result "1-0"]
[WhiteElo "1752"]
[BlackElo "1947"]
[PlyCount "103"]
[EventDate "2015.10.04"]
[EventType "swiss"]
[EventRounds "9"]
[EventCountry "ESP"]
[SourceTitle "CBM 169 Extra"]
[Source "ChessBase"]
[SourceDate "2015.12.18"]
[SourceVersion "1"]
[SourceVersionDate "2015.12.18"]
[SourceQuality "1"]

1. d4 Nf6 2. Nf3 e6 3. c4 b6 4. g3 Ba6 5. Qc2 Bb7 6. Bg2 Nc6 7. 0-0 Nb4 8. Qd1 Be4 9. Nc3 Bb7 10. Bf4 Be7 11. a3 Na6 12. Re1 d5 13. Qa4+ Qd7 14. Qxd7+ Nxd7 15. cxd5 exd5 16. Rac1 0-0 17. e4 dxe4 18. Nxe4 c6 19. Bd6 Rae8 20. Bxe7 Rxe7 21. Nd6 Rxe1+ 22. Rxe1 Ba8 23. Re7 Rd8 24. Ng5 Nf8 25. Ngxf7 Rd7 26. Rxd7 Nxd7 27. Nd8 Nab8 28. Nc8 g6 29. Nxa7 Kf8 30. Bxc6 Nxc6 31. Ndxc6 Nf6 32. Ne5 Nd5 33. Nc8 Ke8 34. Nc4 Bc6 35. N8xb6 Nf6 36. f4 Ke7 37. Ne5 Be8 38. Kf2 h5 39. a4 Kd6 40. a5 Kc7 41. Ke3 Kb7 42. d5 Ka6 43. b4 h4 44. g4 h3 45. Kd4 Kb7 46. d6 Bb5 47. Kc5 Be2 48. d7 Kc7 49. Nd5+ Nxd5 50. Kxd5 Bd1 51. Ke6 g5 52. Ke7 1-0

[Event "Collado Villalba op-B 32nd"]
[Site "Collado Villalba"]
[Date "2015.08.29"]
[Round "8"]
[White "Barranco Martinez, Gabriel"]
[Black "Melcon Diez, Enrique"]
[Result "0-1"]
[WhiteElo "1784"]
[BlackElo "1639"]
[PlyCount "86"]
[EventDate "2015.08.22"]
[EventType "swiss"]
[EventRounds "9"]
[EventCountry "ESP"]
[SourceTitle "EXT 2016"]
[Source "ChessBase"]
[SourceDate "2015.10.08"]
[SourceVersion "1"]
[SourceVersionDate "2015.10.08"]
[SourceQuality "1"]

1. e4 c5 2. Nf3 g6 3. d4 cxd4 4. Nxd4 Bg7 5. c3 Nc6 6. Be3 Nf6 7. Bd3 0-0 8. Nd2 d5 9. Nxc6 bxc6 10. f3 dxe4 11. Nxe4 Bf5 12. Nxf6+ Bxf6 13. Bxf5 gxf5 14. Qc2 e6 15. Qf2 Qc7 16. 0-0 Kh8 17. Rad1 Rg8 18. g3 f4 19. Bxf4 Qxf4 20. Kh1 Qc7 21. Qc5 Rad8 22. b4 Rxd1 23. Rxd1 Rd8 24. Rxd8+ Qxd8 25. Qxa7 Qd1+ 26. Kg2 Qe2+ 27. Kh3 h5 28. Qg1 Qxf3 29. Qc1 Kg7 30. c4 Qg4+ 31. Kg2 Qe2+ 32. Kh3 Qxa2 33. Qf4 Qb1 34. Qf3 Kg6 35. Qxc6 Qf1+ 36. Qg2 Qxc4 37. Qd2 Qf1+ 38. Qg2 Qf5+ 39. g4 Qd3+ 40. Qg3 Qf1+ 41. Qg2 Qxg2+ 42. Kxg2 hxg4 43. Kg3 Kg5 0-1

[Event "Collado Villalba op-B 32nd"]
[Site "Collado Villalba"]
[Date "2015.08.22"]
[Round "1"]
[White "Salgado Duarte, Pablo"]
[Black "Barranco Martinez, Gabriel"]
[Result "0-1"]
[WhiteElo "1533"]
[BlackElo "1784"]
[PlyCount "82"]
[EventDate "2015.08.22"]
[EventType "swiss"]
[EventRounds "9"]
[EventCountry "ESP"]
[SourceTitle "EXT 2016"]
[Source "ChessBase"]
[SourceDate "2015.10.08"]
[SourceVersion "1"]
[SourceVersionDate "2015.10.08"]
[SourceQuality "1"]

1. d4 g6 2. e4 d6 3. Nf3 Bg7 4. h3 a6 5. Bc4 Nf6 6. Nc3 Nc6 7. 0-0 0-0 8. Re1 b5 9. Bb3 Bb7 10. Bg5 h6 11. Bf4 e6 12. Qd2 Kh7 13. d5 Na5 14. dxe6 Nxb3 15. cxb3 fxe6 16. Qd3 b4 17. Nd1 Nd7 18. Qc4 Rxf4 19. Qxb4 Nc5 20. Qc4 Bxe4 21. Nd2 Bxg2 22. Qxf4 Nd3 23. Qe3 Nxe1 24. Qxe1 Bxh3 25. Nf3 Qf6 26. Qe4 Rf8 27. Ne1 Qf4 28. Qxf4 Rxf4 29. Kh2 Bf5 30. Ng2 Rg4 31. Nde3 Be5+ 32. Kh1 Rd4 33. Nxf5 exf5 34. Rc1 c5 35. Re1 f4 36. Nh4 Rd3 37. Kg2 Kg7 38. Re2 Kf6 39. Nf3 g5 40. Nd2 Kf5 41. Nc4 f3+ 0-1

[Event "Cullera op 23rd"]
[Site "Valencia"]
[Date "2002.07.20"]
[Round "3"]
[White "Monserrat Castells, Julio"]
[Black "Barranco Martinez, Gabriel"]
[Result "1-0"]
[WhiteElo "2157"]
[BlackElo "1907"]
[PlyCount "119"]
[EventDate "2002.07.18"]
[EventType "swiss"]
[EventRounds "9"]
[EventCountry "ESP"]
[SourceTitle "CBM 089 Extra"]
[Source "ChessBase"]
[SourceDate "2002.09.10"]
[SourceVersion "2"]
[SourceVersionDate "2002.09.10"]
[SourceQuality "1"]

1. d4 e6 2. Nf3 Nf6 3. Bg5 Be7 4. e3 b6 5. Bd3 Bb7 6. Nbd2 d6 7. 0-0 Nbd7 8. c3 h6 9. Bh4 Nd5 10. Bxe7 Qxe7 11. a3 N5f6 12. Re1 0-0 13. Rc1 c5 14. b4 Rfc8 15. Qb3 cxd4 16. cxd4 d5 17. h3 Ne4 18. Qb1 Ndf6 19. Rxc8+ Rxc8 20. Rc1 Nxd2 21. Nxd2 Rxc1+ 22. Qxc1 g6 23. Nf3 Qd6 24. Bb5 a6 25. Bd3 b5 26. Bb1 Qc6 27. Qxc6 Bxc6 28. Ne5 Be8 29. Nd3 Bd7 30. Nc5 Bc8 31. Kf1 Kf8 32. Bc2 Ne8 33. Ke2 Nd6 34. h4 Ke7 35. Kf3 h5 36. Ke2 Kf6 37. a4 Ke7 38. axb5 axb5 39. Bd3 Nc4 40. Kf3 e5 41. dxe5 Nxe5+ 42. Ke2 Nxd3 43. Kxd3 Kd6 44. Kd4 f6 45. Nd3 Be6 46. Nf4 Bf7 47. Ne2 Be8 48. Nc3 Bc6 49. f3 g5 50. g3 Ke6 51. Kc5 d4 52. exd4 Bxf3 53. d5+ Kd7 54. Nxb5 gxh4 55. gxh4 f5 56. Nd4 Be4 57. Ne6 Bd3 58. Nf4 Be4 59. Nxh5 Bf3 60. Nf4 1-0

[Event "Jaen-ch"]
[Site "Linares"]
[Date "1997.??.??"]
[Round "6"]
[White "Moreno Trujillo, Alejandro"]
[Black "Barranco Martinez, Gabriel"]
[Result "1-0"]
[WhiteElo "1915"]
[BlackElo "1740"]
[PlyCount "93"]
[EventDate "1997.12.??"]
[EventType "swiss"]
[EventRounds "7"]
[EventCountry "ESP"]
[SourceTitle "EXT 2000"]
[Source "ChessBase"]
[SourceDate "1999.11.16"]
[SourceVersion "1"]
[SourceVersionDate "1999.11.16"]
[SourceQuality "1"]

1. d4 e6 2. c4 c5 3. d5 d6 4. Nc3 Ne7 5. e4 g6 6. Nf3 Bg7 7. Be2 0-0 8. 0-0 Na6 9. Bg5 f6 10. Be3 Nc7 11. Qd2 Bd7 12. dxe6 Bxe6 13. Rad1 f5 14. Ng5 Bxc3 15. Qxc3 Nc6 16. Qd2 Nd4 17. Bxd4 cxd4 18. Nxe6 Nxe6 19. exf5 gxf5 20. Bf3 Qh4 21. Bd5 Rae8 22. Qxd4 Qxd4 23. Rxd4 Kg7 24. Bxe6 Rxe6 25. Rfd1 Rd8 26. Kf1 Kf6 27. c5 Ke7 28. Rd5 b6 29. cxb6 axb6 30. Rxf5 Rc8 31. Rfd5 Rc2 32. R5d2 Rc5 33. Re1 d5 34. f4 Kf6 35. Rxe6+ Kxe6 36. Kf2 b5 37. g4 Rc4 38. Kf3 b4 39. g5 d4 40. Ke4 d3+ 41. Ke3 Kf5 42. Rf2 Rc2 43. Rxc2 dxc2 44. Kd2 c1Q+ 45. Kxc1 Kxf4 46. Kc2 Kxg5 47. Kb3 1-0